La Reforma del sistema de dirección y planificación regional en Costa Rica: descripción de una asesoría institucional /
Guardado en:
| Autores Corporativos: | , |
|---|---|
| Formato: | Texto |
| Publicado: |
Santiago:
ILPES
|
| Etiquetas: |
Agregar Etiqueta
Sin Etiquetas, Sea el primero en etiquetar este registro!
|
MARC
| LEADER | 00000 a a2200000 04500 | ||
|---|---|---|---|
| 001 | 23503 | ||
| 003 | |||
| 040 | |||
| 090 | |a 163300 | ||
| 110 | |a ILPES. Area programas de Asesoría | ||
| 245 | |a La Reforma del sistema de dirección y planificación regional en Costa Rica: descripción de una asesoría institucional / |c ILPES. Area programas de Asesoría | ||
| 260 | |a Santiago: |b ILPES | ||
| 300 | |a 18 p | ||
| 710 | |a UN |a CEPAL | ||
| 999 | |c 3088 |d 3088 | ||
